000 00660nam a2200241 a 4500
001 0001-0990
003 ELIB.Books
008 141014 2010 eng
020 _a0878222553
035 _a(ELIB.Books)0001-1144
092 _a253.5
_bShe
100 _aShelton, John L.
245 _aBehavioral Assignments and Treatment Compliance:
_bA Handbook of Clinical Strategies
260 _aIllinois
_bResearch Press
_c1981
300 _a383
_c22.7 Cm
500 _aDr. Yahalaylayla
650 _aCounseling
856 _nKBTS; Library
_uKBTS; Elib.
942 _2ddc
_cBK
990 _a1
998 _cbat
_e2014-10-14
999 _c10990
_d10990